México : historia de un pueblo : la venganza del faisán y del venado : la rebelión de Canek /
La serie “México: historia de un pueblo” fue publicada por la Secretaría de Educación Pública (SEP) en colaboración con la Editorial Nueva Imagen entre 1980 y 1982. En formato de historieta, con un enfoque didáctico y atractivo, esta colección consta de 20 volúmenes, que abarcan cerca de 400 años de...
-д хадгалсан:
| Үндсэн зохиолч: | |
|---|---|
| Формат: | Ном |
| Хэл сонгох: | испани |
| Хэвлэсэн: |
México :
Secretaría de Educación Pública : Nueva Imagen,
1980, c1980
|
| Цуврал: | (México: Historia de un Pueblo ;
4) |
| Нөхцлүүд: | |
| Шошгууд: |
Шошго байхгүй, Энэхүү баримтыг шошголох эхний хүн болох!
|
MARC
| LEADER | 00000nam^a2200000^a^4500 | ||
|---|---|---|---|
| 001 | 000594803 | ||
| 005 | 20250521000000.0 | ||
| 009 | 20260310133034.022 | ||
| 020 | |a 968-429-232-5 | ||
| 020 | |a 968-429-228-7 | ||
| 037 | |a Acervo ITESO - Biblioteca | ||
| 041 | |a ESP | ||
| 082 | |a 741. 53 |b MEX V. 4 | ||
| 100 | |a Alatriste Batalla, Sealtiel |e (autor) | ||
| 240 | 1 | 1 | |a [México: historia de un pueblo] |
| 245 | 1 | 0 | |a México : |b historia de un pueblo : la venganza del faisán y del venado : la rebelión de Canek / |c Texto e il. de S. Alatriste Batalla. |
| 264 | 4 | |a México : |b Secretaría de Educación Pública : |b Nueva Imagen, |c 1980, c1980 | |
| 300 | |a 80 p. | ||
| 336 | |a texto |b txt |2 rdacontenido | ||
| 337 | |a sin mediación |b n |2 rdamedio | ||
| 338 | |a volumen |b nc |2 rdasoporte | ||
| 440 | 1 | |a (México: Historia de un Pueblo ; |v 4) | |
| 520 | |a La serie “México: historia de un pueblo” fue publicada por la Secretaría de Educación Pública (SEP) en colaboración con la Editorial Nueva Imagen entre 1980 y 1982. En formato de historieta, con un enfoque didáctico y atractivo, esta colección consta de 20 volúmenes, que abarcan cerca de 400 años de la historia de México, desde la llegada de los españoles hasta la consolidación de la Revolución Mexicana. Cada volumen presenta un episodio histórico, como la Conquista, el Virreinato, la guerra de Independencia, la invasión norteamericana de 1847, la revolución de Ayutla, la batalla de Puebla, el Porfiriato, la Revolución Mexicana, la Decena Trágica, entre muchos otros. | ||
| 649 | |a XX | ||
| 650 | |a Indígenas de México - |x Historia - |y Epoca Colonial, 1517-1821 | ||
| 650 | |a Historietas y Caricaturas de Temas Políticos y Sociales - |x Tema Principal | ||
| 650 | |a Historietas y Caricaturas | ||
| 650 | |a Movimientos Indígenas - |z México - |x Historia - |y Epoca Colonial, 1517-1821 | ||
| 650 | |a Movimientos Sociales - |z México - |x Historia - |y Epoca Colonial, 1517-1821 | ||
| 650 | |a México - |x Historia - |y Epoca Colonial, 1517-1821 - |x Tema Principal | ||
| 650 | |a México - |x Historia | ||
| 650 | |a Canek, Jacinto - |x Tema Principal | ||
| 910 | |a Fondo Castillo-Martínez | ||
| 920 | |a Impresos - Libros | ||
| 930 | |a Fondos Especiales | ||
| 905 | |a 127 | ||
| 901 | |a 594803-10 |b IT2 |c ESP |i D126728 |u 20250521 | ||
| 902 | |a https://opac.biblio.iteso.mx/vufind/Record/000594803 | ||